000 00489nmm a2200157Ia 4500
008 251105s9999||||xx |||||||||||||||||und||
041 _aspa
100 _aPuyol Loscertales, Ana
245 0 _aMan Ray: luces, cámara, revolución
264 _a[Madrid, España] :
_bPrensas Universitarias de Zaragoza,
_c2019
300 _a438 páginas
490 _aLuis Buñuel. Cine y Vanguardias
650 _aFilm studies
856 _uhttps://public.digitaliapublishing.com/a/63070
942 _cCF
999 _c99939
_d99939